Top 50 -- Largest City in Each Country Beginning With 'R' - Statistics

General Stats
  • This quiz has been taken 46 times
  • The average score is 12 of 50
Answer Stats
# Population Country Answer % Correct
1 13,600,000 Brazil Rio de Janeiro
98%
2 7,900,000 Saudi Arabia Riyadh
98%
5 3,450,000 Italy Rome
95%
4 3,500,000 Netherlands Rotterdam
95%
7 2,150,000 Morocco Rabat
90%
15 591,882 Latvia Riga
83%
17 394,324 Iceland Reykjavik
81%
10 1,390,000 Russia Rostov-on-Don
64%
3 5,800,000 Pakistan Rawalpindi
62%
9 1,530,000 Argentina Rosario
62%
8 1,910,000 United States Raleigh
60%
16 481,104 France Rouen
50%
47 107,964 Croatia Rijeka
29%
18 373,578 United Kingdom Reading
26%
6 2,300,000 India Rajkot
24%
26 224,996 Canada Regina
24%
28 197,268 Poland Rzeszow
19%
13 708,570 Bangladesh Rangpur
14%
25 234,400 Germany Regensburg
14%
43 121,168 Bulgaria Ruse
14%
27 208,449 Palestine Rafah
12%
11 1,300,000 China Rizhao
12%
23 263,000 United Arab Emirates Ras al-Khaimah
10%
12 837,251 Mexico Reynosa
10%
24 243,873 Ukraine Rivne
7%
44 118,632 Namibia Rundu
7%
19 311,901 South Africa Rustenburg
7%
14 679,995 Iran Rasht
5%
31 158,337 North Korea Rasŏn
5%
35 147,878 Israel Rehovot
5%
46 109,055 Belgium Roeselare
5%
37 131,800 Georgia Rustavi
5%
22 267,521 Thailand Rayong
2%
41 123,255 Algeria Relizane
2%
39 129,361 Spain Roquetas de Mar
2%
38 130,270 Egypt Rosetta
2%
34 153,368 Rwanda Ruhengeri
2%
40 123,890 Sudan Rabak
0%
20 295,105 Iraq Ramadi
0%
50 93,151 Romania Ramnicu Valcea
0%
33 155,693 Jordan Ramtha
0%
21 290,864 Chile Rancagua
0%
36 133,740 Indonesia Rantau Prapat
0%
48 98,363 Bolivia Riberalta
0%
29 177,213 Ecuador Riobamba
0%
30 163,500 Colombia Riohacha
0%
42 122,555 Turkey Rize
0%
32 156,233 Philippines Roxas
0%
45 111,861 Kazakhstan Rudniy
0%
49 94,078 Zimbabwe Ruwa
0%
No matching quizzes found
Score Distribution
Percent of People with Each Score
Percentile by Number Answered
Your Score History
You have not taken this quiz